| 000 | 00457nam a22001697a 4500 | ||
|---|---|---|---|
| 003 | NUST - PNEC | ||
| 005 | 20170116181129.0 | ||
| 008 | 151006b xxu||||| |||| 00| 0 eng d | ||
| 020 | _a0198215703 | ||
| 040 | _cLIBRARY | ||
| 082 | _a954.0317 STO | ||
| 100 |
_913841 _aStokes, Eric |
||
| 245 |
_aThe peasant armed : the Indian revolt of 1857 _cEric Stokes |
||
| 260 | _cc.1986 | ||
| 650 |
_913843 _aPeasant uprisings _xGeneral books |
||
| 942 |
_2ddc _cBK |
||
| 999 |
_c69862 _d69862 |
||